000 00277nam a2200121 i 4500
001 bg
245 0 _aWybrane problemy fizyki budowli i budownictwa.
260 _aKraków,
_c1990.
040 _cBPK
041 _apol
942 _cKS
008 s pl f |000 0 pol
999 _c29479
_d29479
856 _uhttp://koha.tu.koszalin.pl/cgi-bin/koha/opac-detail.pl?biblionumber=29479
_yKatalog online BPK